000 00418nam a2200157Ia 4500
003 GCL
008 140319s9999 xx 000 0 ara d
040 _aGCL /
_cGCL
082 0 4 _a415.1
_bا ا
100 1 _aابراهيم مصطفى
245 1 0 _aاحياء النحو /
_cابراهيم مصطفى
490 _a
650 0 4 _aاللغة العربية - النحو
650 0 4 _aالاعراب
942 _2ddc
_cBK
999 _c40599
_d40599